[Event "EU-Cup 32nd"]
[Site "Novi Sad"]
[Date "2016.11.12"]
[Round "7.6"]
[White "Duijn, Richard"]
[Black "Razuvajeva, Julia"]
[Result "1-0"]
[WhiteElo "2203"]
[BlackElo "2182"]
[PlyCount "75"]
[EventDate "2016.11.06"]
[EventType "team-swiss"]
[EventRounds "7"]
[EventCountry "SRB"]
[SourceTitle "CBM 176"]
[Source "ChessBase"]
[SourceDate "2017.01.17"]
[SourceVersion "1"]
[SourceVersionDate "2017.01.17"]
[SourceQuality "1"]
[WhiteTeam "Kennemer Combinatie"]
[BlackTeam "Ezerelio Vaivorykste"]
[WhiteTeamCountry "NED"]
[BlackTeamCountry "LTU"]

1. e4 c5 2. Nf3 d6 3. d4 cxd4 4. Nxd4 Nf6 5. f3 a6 6. c4 e5 7. Nc2 Be7 8. Nc3 0-0 9. Be3 Be6 10. Bd3 Nbd7 11. 0-0 Rc8 12. b3 Nc5 13. Nb4 Qa5 14. a3 Nxd3 15. Qxd3 h6 16. Qd2 Qd8 17. Rfd1 Kh7 18. g4 Nd7 19. Nbd5 Bg5 20. Bxg5 Qxg5 21. Rab1 Qh4 22. Qf2 Qxf2+ 23. Kxf2 Rfe8 24. Nb4 Nc5 25. Rxd6 Red8 26. Rxd8 Rxd8 27. Nbd5 g6 28. b4 Nd3+ 29. Ke3 Nf4 30. Rd1 Kg7 31. c5 f5 32. gxf5 gxf5 33. Nxf4 exf4+ 34. Kxf4 Rxd1 35. Nxd1 fxe4 36. fxe4 Bb3 37. Ne3 Kf7 38. Nf5 1-0

[Event "EU-Cup 32nd"]
[Site "Novi Sad"]
[Date "2016.11.11"]
[Round "6.6"]
[White "Vozinaki, Anthi Maria"]
[Black "Razuvajeva, Julia"]
[Result "1-0"]
[WhiteElo "1870"]
[BlackElo "2182"]
[PlyCount "69"]
[EventDate "2016.11.06"]
[EventType "team-swiss"]
[EventRounds "7"]
[EventCountry "SRB"]
[SourceTitle "CBM 176"]
[Source "ChessBase"]
[SourceDate "2017.01.17"]
[SourceVersion "1"]
[SourceVersionDate "2017.01.17"]
[SourceQuality "1"]
[WhiteTeam "Chania Chess Academy"]
[BlackTeam "Ezerelio Vaivorykste"]
[WhiteTeamCountry "GRE"]
[BlackTeamCountry "LTU"]

1. e4 c5 2. Nf3 Nc6 3. d4 cxd4 4. Nxd4 g6 5. c4 Bg7 6. Nc2 Nf6 7. Nc3 d6 8. Be2 0-0 9. 0-0 Bd7 10. Be3 h6 11. f3 Kh7 12. Rc1 b6 13. Qd2 Ne8 14. b4 f5 15. Rfd1 f4 16. Bf2 Rb8 17. Nd5 g5 18. Rb1 Ne5 19. c5 bxc5 20. bxc5 Rxb1 21. Rxb1 e6 22. Ndb4 a5 23. Na6 Ba4 24. Nd4 Qd7 25. Qxa5 d5 26. Nb8 Qc8 27. Qxa4 dxe4 28. fxe4 Nf6 29. Ba6 Qxc5 30. Nxe6 Qd6 31. Nxf8+ Bxf8 32. Qd4 Qe6 33. Rb6 Qg4 34. Qxe5 Qd1+ 35. Bf1 1-0

[Event "EU-Cup 32nd"]
[Site "Novi Sad"]
[Date "2016.11.06"]
[Round "1.6"]
[White "Steil Antoni, Fiona"]
[Black "Razuvajeva, Julia"]
[Result "1/2-1/2"]
[WhiteElo "2141"]
[BlackElo "2182"]
[PlyCount "59"]
[EventDate "2016.11.06"]
[EventType "team-swiss"]
[EventRounds "7"]
[EventCountry "SRB"]
[SourceTitle "CBM 176"]
[Source "ChessBase"]
[SourceDate "2017.01.17"]
[SourceVersion "1"]
[SourceVersionDate "2017.01.17"]
[SourceQuality "1"]
[WhiteTeam "Cheddleton"]
[BlackTeam "Ezerelio Vaivorykste"]
[WhiteTeamCountry "ENG"]
[BlackTeamCountry "LTU"]

1. e4 c5 2. Nf3 d6 3. c3 Nf6 4. Bd3 g6 5. h3 Bg7 6. Bc2 Nc6 7. 0-0 0-0 8. d4 e5 9. d5 Ne7 10. Be3 Bd7 11. c4 a6 12. Nc3 b5 13. b3 b4 14. Ne2 a5 15. a4 h6 16. Qd2 Kh7 17. g4 g5 18. Ng3 Ng6 19. Nf5 Bxf5 20. exf5 Nf4 21. Kh2 Qd7 22. Rae1 Rfe8 23. Qc1 Kh8 24. Nd2 Rad8 25. Ne4 Nxe4 26. Bxe4 Bf6 27. Rh1 Kg7 28. Kg3 Rh8 29. Qd1 Rdg8 30. f3 1/2-1/2

[Event "RUS-Cup04"]
[Site "Samara"]
[Date "2002.07.26"]
[Round "1"]
[White "Bryzgalin, Kirill"]
[Black "Razuvajeva, Julia"]
[Result "1-0"]
[WhiteElo "2446"]
[BlackElo "2182"]
[PlyCount "135"]
[EventDate "2002.07.26"]
[EventType "swiss"]
[EventRounds "9"]
[EventCountry "RUS"]
[SourceTitle "CBM 089 Extra"]
[Source "ChessBase"]
[SourceDate "2002.09.10"]
[SourceVersion "2"]
[SourceVersionDate "2002.09.10"]
[SourceQuality "1"]

1. e4 c5 2. Nf3 d6 3. d4 cxd4 4. Nxd4 Nf6 5. Nc3 a6 6. Bg5 e6 7. Qd2 Be7 8. 0-0-0 Qc7 9. f4 Nbd7 10. g4 b5 11. a3 Bb7 12. Qe2 Rc8 13. Rg1 Qc5 14. Rg3 Qb6 15. e5 dxe5 16. fxe5 Nd5 17. Bxe7 Nxc3 18. Rxc3 Kxe7 19. Qe3 Rhd8 20. Rxc8 Rxc8 21. Nf5+ Kf8 22. Rxd7 Qc6 23. Qd3 exf5 24. Qxf5 f6 25. exf6 g6 26. Qd3 Re8 27. Qd2 Qxf6 28. Bd3 Re7 29. Qh6+ Ke8 30. Rxe7+ Qxe7 31. Kd2 Qf6 32. Qe3+ Kf7 33. c3 Qd6 34. Qf2+ Kg8 35. Kc2 Bd5 36. h3 Bb3+ 37. Kxb3 Qxd3 38. Qg2 Qc4+ 39. Kc2 Qa4+ 40. Kb1 Qd1+ 41. Ka2 Qd3 42. g5 a5 43. a4 bxa4 44. Qa8+ Kf7 45. Qb7+ Ke6 46. Qb6+ Kf7 47. Qf6+ Kg8 48. Qe6+ Kg7 49. Qe7+ Kg8 50. Qe8+ Kg7 51. Qxa4 Qd5+ 52. c4 Qxg5 53. Qb5 Qd2 54. c5 Qd5+ 55. Ka3 Qf3+ 56. Ka4 Qxh3 57. c6 Qh4+ 58. Kxa5 Qd8+ 59. Qb6 Qd5+ 60. Ka6 Kh6 61. Ka7 Qa2+ 62. Kb8 Qg8+ 63. Kb7 Qd5 64. b4 g5 65. Qc5 Qe4 66. Ka7 Qe6 67. c7 Qc8 68. Qd6+ 1-0

[Event "St Petersburg-ch (Women)"]
[Site "St Petersburg"]
[Date "2002.04.20"]
[Round "5"]
[White "Razuvajeva, Julia"]
[Black "Epstein, Anna"]
[Result "1-0"]
[WhiteElo "2173"]
[BlackElo "2108"]
[PlyCount "71"]
[EventDate "2002.04.16"]
[EventType "tourn"]
[EventRounds "11"]
[EventCountry "RUS"]
[SourceTitle "CBM 087 Extra"]
[Source "ChessBase"]
[SourceDate "2002.05.03"]
[SourceVersion "2"]
[SourceVersionDate "2002.08.09"]
[SourceQuality "1"]

1. d4 Nf6 2. c4 e6 3. Nf3 b6 4. a3 Bb7 5. Nc3 g6 6. Qd3 Bg7 7. e4 d6 8. Be2 0-0 9. 0-0 d5 10. cxd5 exd5 11. e5 Ne4 12. Qc2 Nxc3 13. bxc3 Nd7 14. Bg5 Qc8 15. h4 Re8 16. h5 Nf8 17. Rac1 Ne6 18. Be3 Qd7 19. g3 Rac8 20. Kg2 c5 21. Qd2 cxd4 22. cxd4 Rxc1 23. Rxc1 Rc8 24. hxg6 hxg6 25. Rh1 Qc6 26. Ng5 Qc3 27. Bg4 Qxd2 28. Bxd2 Rc2 29. Nxe6 Rxd2 30. Nxg7 Kxg7 31. Rd1 Ra2 32. Rc1 Rd2 33. Rc7 Rxd4 34. Rxb7 Rxg4 35. f4 Kh6 36. Kf3 1-0

[Event "Petrov Memorial op"]
[Site "St Petersburg"]
[Date "2002.02.20"]
[Round "9"]
[White "Vunder, Andrei"]
[Black "Razuvajeva, Julia"]
[Result "1/2-1/2"]
[WhiteElo "2273"]
[BlackElo "2189"]
[PlyCount "53"]
[EventDate "2002.02.12"]
[EventType "swiss"]
[EventRounds "9"]
[EventCountry "RUS"]
[SourceTitle "CBM 086 Extra"]
[Source "ChessBase"]
[SourceDate "2002.03.14"]
[SourceVersion "1"]
[SourceVersionDate "2002.03.14"]
[SourceQuality "1"]

1. d4 d5 2. c4 c6 3. e3 Nf6 4. Bd3 a6 5. Nf3 g6 6. Nc3 Bg7 7. 0-0 0-0 8. h3 Nbd7 9. a4 b6 10. b4 Bb7 11. cxd5 cxd5 12. Qb3 Rc8 13. b5 a5 14. Bb2 e6 15. Rac1 Re8 16. Ba3 h6 17. Rfd1 Kh7 18. Qb1 Nh5 19. Bd6 Nhf6 20. Bh2 Bf8 21. Ne2 Qe7 22. Nf4 Ne4 23. Bxe4 dxe4 24. Nd2 Qb4 25. Qxb4 Bxb4 26. Nc4 g5 27. Ne2 1/2-1/2

[Event "Chigorin Memorial 09th"]
[Site "St Petersburg"]
[Date "2001.10.31"]
[Round "6"]
[White "Isajevsky, Anton"]
[Black "Razuvajeva, Julia"]
[Result "1-0"]
[WhiteElo "2333"]
[BlackElo "2206"]
[PlyCount "81"]
[EventDate "2001.10.26"]
[EventType "swiss"]
[EventRounds "9"]
[EventCountry "RUS"]
[SourceTitle "EXT 2002"]
[Source "ChessBase"]
[SourceDate "2001.11.25"]
[SourceVersion "1"]
[SourceVersionDate "2001.11.25"]
[SourceQuality "1"]

1. d4 d5 2. Bg5 c6 3. Nf3 Qb6 4. Qc1 Bf5 5. e3 e6 6. Nbd2 Nd7 7. c4 f6 8. Bf4 g5 9. Bg3 h5 10. h3 Be7 11. c5 Qd8 12. Qc3 b6 13. Ba6 e5 14. Bb7 e4 15. Ng1 bxc5 16. Bxa8 Qxa8 17. Ne2 Nh6 18. Nb3 h4 19. Bh2 c4 20. Na5 c5 21. b3 cxb3 22. axb3 0-0 23. 0-0 g4 24. hxg4 Bxg4 25. Nf4 Bd6 26. Qd2 cxd4 27. exd4 Kh7 28. f3 exf3 29. gxf3 Bf5 30. Kh1 h3 31. Qf2 Rg8 32. Qh4 Qb8 33. Rg1 Rxg1+ 34. Rxg1 Qb4 35. Qg3 Bf8 36. Nc6 Qxb3 37. Ne7 Qc2 38. Nfxd5 a5 39. Ne3 Qb3 40. N3xf5 Nxf5 41. Qxh3+ 1-0

[Event "Chigorin Memorial 09th"]
[Site "St Petersburg"]
[Date "2001.10.30"]
[Round "5"]
[White "Razuvajeva, Julia"]
[Black "Markarov, Arsen"]
[Result "1/2-1/2"]
[WhiteElo "2206"]
[BlackElo "2317"]
[PlyCount "153"]
[EventDate "2001.10.26"]
[EventType "swiss"]
[EventRounds "9"]
[EventCountry "RUS"]
[SourceTitle "EXT 2002"]
[Source "ChessBase"]
[SourceDate "2001.11.25"]
[SourceVersion "1"]
[SourceVersionDate "2001.11.25"]
[SourceQuality "1"]

1. Nf3 Nf6 2. c4 g6 3. Nc3 Bg7 4. e4 d6 5. Be2 0-0 6. d4 e5 7. Be3 Ng4 8. Bg5 f6 9. Bh4 Nc6 10. d5 Ne7 11. h3 Nh6 12. g4 Nf7 13. Rg1 c6 14. Qb3 a6 15. 0-0-0 c5 16. Na4 Rb8 17. Nb6 Bd7 18. Nxd7 Qxd7 19. a4 g5 20. Bg3 Nc8 21. Nd2 Na7 22. Qb6 Qxa4 23. Nb1 Rfc8 24. b3 Qd7 25. Nc3 Ra8 26. Kc2 Rcb8 27. Ra1 Nh8 28. Nb5 Nc8 29. Qc7 Qxc7 30. Nxc7 Ra7 31. h4 Ng6 32. h5 Nf8 33. Kb2 Kf7 34. Ra2 Ke7 35. Rga1 Kd8 36. Nb5 Raa8 37. Nc3 Nb6 38. f3 Rc8 39. Bf2 Nfd7 40. Nd1 Rab8 41. Ne3 Na8 42. Be1 Nc7 43. Kc2 b6 44. Bc3 Rb7 45. Bd3 Bf8 46. Be2 Rcb8 47. Bd3 Ra7 48. Be2 Rba8 49. Bd3 Be7 50. Be2 Nf8 51. Bd3 Kd7 52. Be2 Bd8 53. Bd3 a5 54. Kb2 Na6 55. Be2 Kc7 56. Nf5 Nd7 57. Ra4 Nb4 58. Bd2 Nb8 59. Bc3 Kd7 60. Bd2 N8a6 61. Bc3 Nc7 62. Ne3 Rb7 63. Nf5 Raa7 64. Ne3 b5 65. cxb5 Nxb5 66. Bxb5+ Rxb5 67. Bxb4 cxb4 68. Nc4 Ra6 69. Kc2 Kc8 70. Kd3 Kb7 71. R1a2 Bc7 72. Ra1 Ra8 73. R1a2 Ka6 74. Ra1 Rg8 75. Rg1 Ra8 76. Rga1 Rc8 77. R1a2 1/2-1/2

[Event "Chigorin Memorial 09th"]
[Site "St Petersburg"]
[Date "2001.10.27"]
[Round "2"]
[White "Vitiugov, Nikita"]
[Black "Razuvajeva, Julia"]
[Result "1-0"]
[WhiteElo "2382"]
[BlackElo "2206"]
[PlyCount "81"]
[EventDate "2001.10.26"]
[EventType "swiss"]
[EventRounds "9"]
[EventCountry "RUS"]
[SourceTitle "EXT 2002"]
[Source "ChessBase"]
[SourceDate "2001.11.25"]
[SourceVersion "1"]
[SourceVersionDate "2001.11.25"]
[SourceQuality "1"]

1. d4 d5 2. c4 c6 3. Nc3 e6 4. e3 f5 5. f4 Nf6 6. Nf3 Be7 7. Be2 0-0 8. 0-0 Ne4 9. Qc2 Nd7 10. b3 Ndf6 11. Ne5 Bd7 12. a4 Nxc3 13. Qxc3 Ne4 14. Qd3 Bf6 15. Ba3 Re8 16. Bh5 g6 17. Bf3 Rc8 18. Rfd1 Kg7 19. Bxe4 fxe4 20. Qc3 b5 21. axb5 cxb5 22. Bc5 Bxe5 23. fxe5 Ra8 24. Ra6 bxc4 25. bxc4 Bc8 26. Rd6 Qh4 27. Rc6 a5 28. Rf1 Ba6 29. Rc7+ Kg8 30. Rf4 Qh5 31. Qe1 g5 32. g4 Qh3 33. Rff7 Rab8 34. Qf1 Qxg4+ 35. Kh1 Qh5 36. Rg7+ Kh8 37. Rgd7 Kg8 38. Qf7+ Qxf7 39. Rxf7 Rb1+ 40. Kg2 Rb2+ 41. Kg3 1-0

[Event "Chigorin Memorial 09th"]
[Site "St Petersburg"]
[Date "2001.10.26"]
[Round "1"]
[White "Razuvajeva, Julia"]
[Black "Kravtsov, Sergey"]
[Result "1/2-1/2"]
[WhiteElo "2206"]
[BlackElo "2422"]
[PlyCount "30"]
[EventDate "2001.10.26"]
[EventType "swiss"]
[EventRounds "9"]
[EventCountry "RUS"]
[SourceTitle "EXT 2002"]
[Source "ChessBase"]
[SourceDate "2001.11.25"]
[SourceVersion "1"]
[SourceVersionDate "2001.11.25"]
[SourceQuality "1"]

1. d4 Nf6 2. c4 g6 3. Nf3 Bg7 4. Nc3 0-0 5. e4 d6 6. Be2 e5 7. Be3 Ng4 8. Bg5 f6 9. Bc1 Nc6 10. d5 Ne7 11. h3 Nh6 12. h4 Nf7 13. h5 g5 14. Qb3 h6 15. g4 b6 1/2-1/2

[Event "RUS-Cup07"]
[Site "Togliatti"]
[Date "2001.08.13"]
[Round "6"]
[White "Limonnikov, Gennady Alekseevich"]
[Black "Razuvajeva, Julia"]
[Result "0-1"]
[WhiteElo "2216"]
[BlackElo "2223"]
[PlyCount "60"]
[EventDate "2001.08.08"]
[EventType "swiss"]
[EventRounds "9"]
[EventCountry "RUS"]
[SourceTitle "CBM 083 Extra"]
[Source "ChessBase"]
[SourceDate "2001.09.11"]
[SourceVersion "1"]
[SourceVersionDate "2001.09.11"]
[SourceQuality "1"]

1. e4 c5 2. Nc3 Nc6 3. f4 g6 4. Nf3 Bg7 5. Bc4 d6 6. 0-0 e6 7. f5 exf5 8. d3 Nge7 9. Bg5 h6 10. Bxe7 Nxe7 11. Qe1 0-0 12. h4 Rb8 13. a4 fxe4 14. dxe4 Nc6 15. Qg3 Kh8 16. Rad1 Nd4 17. Kh1 Qe7 18. Nb5 Nxb5 19. axb5 Be6 20. Bxe6 Qxe6 21. Qf4 Rbd8 22. b3 Kg8 23. c4 Rfe8 24. Rfe1 Qf6 25. Qd2 a6 26. bxa6 bxa6 27. Qa5 g5 28. e5 dxe5 29. Rxd8 Rxd8 30. Qxc5 g4 0-1

[Event "St Petersburg White Nights op"]
[Site "St Petersburg"]
[Date "2001.06.13"]
[Round "5"]
[White "Geller, Jakov"]
[Black "Razuvajeva, Julia"]
[Result "1-0"]
[WhiteElo "2324"]
[BlackElo "2146"]
[PlyCount "77"]
[EventDate "2001.06.09"]
[EventType "swiss"]
[EventRounds "9"]
[EventCountry "RUS"]
[SourceTitle "CBM 082 Extra"]
[Source "ChessBase"]
[SourceDate "2001.07.03"]
[SourceVersion "1"]
[SourceVersionDate "2001.07.03"]
[SourceQuality "1"]

1. e4 c5 2. Nc3 d6 3. f4 Nc6 4. Nf3 g6 5. Bc4 Bg7 6. 0-0 e6 7. f5 Nf6 8. d3 0-0 9. Qe1 d5 10. Bb3 dxe4 11. dxe4 exf5 12. e5 Ne8 13. Bg5 Qa5 14. Bd5 Nc7 15. Qg3 Nd4 16. Qh4 Nxf3+ 17. Rxf3 Bxe5 18. Rh3 h5 19. Bf6 Bxf6 20. Qxf6 Qb6 21. Qg5 c4+ 22. Kh1 Kh7 23. Rf1 Qd4 24. Qe7 Be6 25. Qxc7 Bxd5 26. Rd1 Rae8 27. Qg3 f4 28. Qh4 Bxg2+ 29. Kxg2 f3+ 30. Kxf3 Qc5 31. Rd5 Qe3+ 32. Kg2 Qh6 33. Ne4 Kg7 34. Qf6+ Kg8 35. Rhxh5 Qg7 36. Qxg7+ Kxg7 37. Rhe5 Rc8 38. Nd6 Rc7 39. Ne8+ 1-0

[Event "St Petersburg White Nights op"]
[Site "St Petersburg"]
[Date "2001.06.09"]
[Round "1"]
[White "Razuvajeva, Julia"]
[Black "Klimov, Sergey"]
[Result "0-1"]
[WhiteElo "2146"]
[BlackElo "2438"]
[PlyCount "114"]
[EventDate "2001.06.09"]
[EventType "swiss"]
[EventRounds "9"]
[EventCountry "RUS"]
[SourceTitle "CBM 082 Extra"]
[Source "ChessBase"]
[SourceDate "2001.07.03"]
[SourceVersion "1"]
[SourceVersionDate "2001.07.03"]
[SourceQuality "1"]

1. d4 d5 2. c4 e6 3. Nc3 c6 4. e3 Nf6 5. Bd2 Nbd7 6. Rc1 b6 7. cxd5 exd5 8. Bd3 Bb7 9. Nf3 Bd6 10. 0-0 0-0 11. e4 dxe4 12. Nxe4 Nxe4 13. Bxe4 Rc8 14. Bg5 Be7 15. Bf4 Nf6 16. Bb1 c5 17. Bf5 Ra8 18. Re1 Re8 19. Be5 cxd4 20. Qxd4 Qxd4 21. Bxd4 Rad8 22. Rc7 Bxf3 23. Rcxe7 Rxe7 24. Rxe7 Bc6 25. Bc3 Nd5 26. Re1 Nxc3 27. bxc3 Rd2 28. Bb1 g6 29. h3 Bd5 30. Re8+ Kg7 31. Rd8 Rd1+ 32. Kh2 Rxb1 33. Rxd5 Rb2 34. a4 Rxf2 35. Rd7 a5 36. Rd6 Rf6 37. Rd7 Rc6 38. Rb7 Rxc3 39. Rxb6 Rc4 40. Ra6 Rxa4 41. Ra7 h5 42. Ra6 g5 43. Ra7 Kg6 44. Ra6+ f6 45. Ra7 Kf5 46. Ra6 Ra2 47. Kg3 Ra3+ 48. Kf2 g4 49. hxg4+ hxg4 50. Rc6 Kg5 51. Rc5+ f5 52. Rc8 Ra2+ 53. Kf1 Kf4 54. Rc4+ Kg3 55. Rc3+ Kh2 56. g3 Rg2 57. Rc5 Rxg3 0-1

[Event "St Petersburg-ch (Women)"]
[Site "St Petersburg"]
[Date "1999.04.09"]
[Round "4"]
[White "Khramtsova, Elena"]
[Black "Razuvajeva, Julia"]
[Result "0-1"]
[WhiteElo "2090"]
[BlackElo "2215"]
[PlyCount "54"]
[EventDate "1999.04.??"]
[EventType "tourn"]
[EventRounds "11"]
[EventCountry "RUS"]
[SourceTitle "CBM 070 Extra"]
[Source "ChessBase"]
[SourceDate "1999.07.10"]
[SourceVersion "1"]
[SourceVersionDate "1999.07.10"]
[SourceQuality "1"]

1. e4 c5 2. Nf3 d6 3. d4 cxd4 4. Nxd4 Nf6 5. Nc3 g6 6. Be3 Bg7 7. f3 Nc6 8. Qd2 0-0 9. 0-0-0 Nxd4 10. Bxd4 Be6 11. g4 Qa5 12. g5 Nh5 13. Bxg7 Kxg7 14. a3 Qe5 15. Qd4 Rfd8 16. Qxe5+ dxe5 17. Bb5 Nf4 18. Ne2 Nh3 19. Rxd8 Rxd8 20. Rd1 Rxd1+ 21. Kxd1 Nxg5 22. Ng1 f5 23. Bd3 Kf6 24. Ke2 Bd7 25. Ke3 Ne6 26. c3 Nc5 27. Bb1 Na4 0-1

[Event "St Petersburg-ch (Women)"]
[Site "St Petersburg"]
[Date "1999.04.07"]
[Round "2"]
[White "Stjazhkina, Olga"]
[Black "Razuvajeva, Julia"]
[Result "1/2-1/2"]
[WhiteElo "2340"]
[BlackElo "2215"]
[PlyCount "100"]
[EventDate "1999.04.??"]
[EventType "tourn"]
[EventRounds "11"]
[EventCountry "RUS"]
[SourceTitle "CBM 070 Extra"]
[Source "ChessBase"]
[SourceDate "1999.07.10"]
[SourceVersion "1"]
[SourceVersionDate "1999.07.10"]
[SourceQuality "1"]

1. d4 d5 2. c4 c6 3. Nf3 Nf6 4. Nc3 dxc4 5. a4 Bg4 6. Ne5 Bh5 7. f3 e6 8. g4 Nfd7 9. h4 Be7 10. Nxd7 Bxh4+ 11. Kd2 Bg6 12. Rxh4 Qxh4 13. Ne5 Qf2 14. Nxg6 Qxd4+ 15. Kc2 Qxd1+ 16. Kxd1 hxg6 17. e4 Rh1 18. Ke1 Nd7 19. Kf2 Ne5 20. Kg2 Rh8 21. Be3 0-0-0 22. a5 f6 23. Be2 Nd3 24. Nd1 Ne1+ 25. Kg3 Rh1 26. Bf2 Rdh8 27. Bxe1 R8h3+ 28. Kf2 R3h2+ 29. Kg3 Rxe2 30. Bc3 e5 31. f4 exf4+ 32. Kxf4 Rf1+ 33. Kg3 Rxe4 34. Kg2 Rff4 35. Nf2 Re2 36. Rf1 g5 37. Kg3 b5 38. Bb4 Rxb2 39. Bc5 a6 40. Re1 Rb3+ 41. Kh2 c3 42. Nd3 Rxg4 43. Bb6 Rh4+ 44. Kg2 Rh8 45. Re7 c2 46. Nc5 c1Q 47. Rc7+ Kd8 48. Ne6+ Ke8 49. Nxg7+ Kf8 50. Ne6+ Ke8 1/2-1/2

[Event "St Petersburg (Women)"]
[Site "St Petersburg"]
[Date "1999.??.??"]
[Round "6"]
[White "Gassij, Oksana"]
[Black "Razuvajeva, Julia"]
[Result "1/2-1/2"]
[WhiteElo "2103"]
[BlackElo "2215"]
[PlyCount "87"]
[EventDate "1999.??.??"]
[EventType "tourn"]
[EventRounds "11"]
[EventCountry "RUS"]
[SourceTitle "EXT 2001"]
[Source "ChessBase"]
[SourceDate "2000.11.22"]
[SourceVersion "1"]
[SourceVersionDate "2000.11.22"]
[SourceQuality "1"]

1. Nf3 d5 2. g3 c6 3. Bg2 Bf5 4. 0-0 e6 5. d3 Nf6 6. Nbd2 Be7 7. b3 Nbd7 8. Bb2 0-0 9. Nh4 Bg4 10. h3 Bh5 11. Qe1 Qa5 12. a3 Ne8 13. Nhf3 Bf6 14. Ne4 Qxe1 15. Nxf6+ Nexf6 16. Rfxe1 h6 17. g4 Bg6 18. Ne5 Nxe5 19. Bxe5 Rfe8 20. c4 Rac8 21. Rec1 Nh7 22. Rab1 f6 23. Bg3 Nf8 24. Rb2 Nd7 25. Bd6 a6 26. Rbc2 Bf7 27. f4 d4 28. Bb4 g5 29. Bd2 Nc5 30. Rb1 gxf4 31. Bxf4 Kg7 32. b4 Na4 33. Bd2 Rc7 34. Be4 Bg6 35. Bxg6 Kxg6 36. e4 Nb6 37. Rf1 Nd7 38. Bf4 e5 39. Bg3 Nf8 40. Rcf2 Nh7 41. Kg2 b5 42. Rc2 Rec8 43. Rfc1 Nf8 44. c5 1/2-1/2

[Event "St Petersburg White Nights (Women)"]
[Site "St Petersburg"]
[Date "1999.??.??"]
[Round "1"]
[White "Koroljova, Valerija"]
[Black "Razuvajeva, Julia"]
[Result "1-0"]
[WhiteElo "2200"]
[BlackElo "2215"]
[PlyCount "37"]
[EventDate "1999.06.??"]
[EventType "tourn"]
[EventRounds "10"]
[EventCountry "RUS"]
[SourceTitle "EXT 2000"]
[Source "ChessBase"]
[SourceDate "1999.11.16"]
[SourceVersion "1"]
[SourceVersionDate "1999.11.16"]
[SourceQuality "1"]

1. e4 d5 2. exd5 Qxd5 3. Nc3 Qa5 4. d4 Nf6 5. Nf3 Nc6 6. d5 Nb4 7. Bb5+ c6 8. dxc6 bxc6 9. Ba4 Bb7 10. 0-0 Rd8 11. Qe1 e6 12. Ne5 Nfd5 13. a3 Nd3 14. cxd3 Nxc3 15. Bxc6+ Bxc6 16. Nxc6 Qh5 17. bxc3 Rxd3 18. Bf4 Qc5 19. Qb1 1-0

[Event "St Petersburg (Women)"]
[Site "St Petersburg"]
[Date "1999.??.??"]
[Round "5"]
[White "Razuvajeva, Julia"]
[Black "Rakitskaja, Mariya"]
[Result "0-1"]
[WhiteElo "2215"]
[BlackElo "2201"]
[PlyCount "58"]
[EventDate "1999.??.??"]
[EventType "tourn"]
[EventRounds "11"]
[EventCountry "RUS"]
[SourceTitle "EXT 2001"]
[Source "ChessBase"]
[SourceDate "2000.11.22"]
[SourceVersion "1"]
[SourceVersionDate "2000.11.22"]
[SourceQuality "1"]

1. d4 Nf6 2. c4 e6 3. Nc3 Bb4 4. Qc2 c5 5. dxc5 0-0 6. Nf3 Na6 7. e3 Nxc5 8. a3 Bxc3+ 9. Qxc3 a5 10. b3 a4 11. b4 Nb3 12. Bb2 Nxa1 13. Bxa1 d6 14. g4 e5 15. g5 Ne4 16. Qc2 Nxg5 17. Be2 Nh3 18. Bd3 h6 19. Be4 Qe7 20. c5 dxc5 21. bxc5 Ra5 22. Bxe5 Rxc5 23. Qb2 f6 24. Qb1 fxe5 25. Bh7+ Kh8 26. Nd2 Ng5 27. Bd3 Qf6 28. Rf1 Bh3 29. Qxb7 Rc1+ 0-1